000
00295nam a22001337a 4500
020
_a
978-8180141126
041
_a
ENG
100
_a
Arora .K.R
245
_a
Soil Mechanics And Foundation Englneering
260
_a
Pune
_b
Standard PUB
_c
1997
300
_a
860
650
_a
SWCE
856
_u
SWCE
999
_c
615
_d
615